Transport planning and traffic engineering / (Record no. 543148)
[ view plain ]
| 000 -LEADER | |
|---|---|
| fixed length control field | 00649cam a2200181 a 4500 |
| 020 ## - INTERNATIONAL STANDARD BOOK NUMBER | |
| International Standard Book Number | 0340662794 |
| 082 ## - DEWEY DECIMAL CLASSIFICATION NUMBER | |
| Classification number | 388.068 |
| Author Mark | TRA |
| -- | L-39, P-167 |
| 100 ## - MAIN ENTRY--PERSONAL NAME | |
| Personal name | O Flaherty, C.A |
| 9 (RLIN) | 38529 |
| 245 00 - TITLE STATEMENT | |
| Title | Transport planning and traffic engineering / |
| Statement of responsibility, etc. | edited by C.A. O'Flaherty ; contributing authors, MGH Bell ... [et al.]. |
| 260 ## - PUBLICATION, DISTRIBUTION, ETC. | |
| Place of publication, distribution, etc. | London : |
| Name of publisher, distributor, etc. | Arnold ; |
| Place of publication, distribution, etc. | New York : |
| Name of publisher, distributor, etc. | Wiley, |
| Date of publication, distribution, etc. | 1997. |
| 300 ## - PHYSICAL DESCRIPTION | |
| Extent | xi, 544 p. : |
| Other physical details | ill. ; |
| Dimensions | 25 cm. |
| 526 ## - STUDY PROGRAM INFORMATION NOTE | |
| Program name | 0 |
| Interest level | 0 |
| Reading level | 0 |
| Title point value | 388_068000000000000_TRA |
| 650 #0 - SUBJECT ADDED ENTRY--TOPICAL TERM | |
| Topical term or geographic name entry element | Highway engineering. |
| 650 #0 - SUBJECT ADDED ENTRY--TOPICAL TERM | |
| Topical term or geographic name entry element | NUST. |
| 9 (RLIN) | 6342 |
| 650 #0 - SUBJECT ADDED ENTRY--TOPICAL TERM | |
| Topical term or geographic name entry element | Transportation |
| General subdivision | Planning. |
| 9 (RLIN) | 19652 |
| 650 #0 - SUBJECT ADDED ENTRY--TOPICAL TERM | |
| Topical term or geographic name entry element | Urban transportation |
| General subdivision | Planning. |
| 9 (RLIN) | 38530 |
| 942 ## - ADDED ENTRY ELEMENTS (KOHA) | |
| Source of classification or shelving scheme | |
| Koha item type | Book |
| Withdrawn status | Lost status | Source of classification or shelving scheme | Damaged status | Not for loan | Permanent Location | Current Location | Date acquired | Total Checkouts | Full call number | Barcode | Date last seen | Price effective from | Koha item type |
|---|---|---|---|---|---|---|---|---|---|---|---|---|---|
| Military College of Engineering (MCE) | Military College of Engineering (MCE) | 03/07/2014 | 388.068 TRA | MCE-42831 | 03/07/2014 | 03/07/2014 | Book |
